BGG's Top 500 Board games - Statistics

General Stats
  • This quiz has been taken 41 times
  • The average score is 47 of 500
Answer Stats
Hint Answer % Correct
448 Chess
80%
223 Go
60%
156 Pandemic
60%
248 Ticket to Ride
57%
32 Wingspan
53%
4 Gloomhaven
50%
7 Terraforming Mars
50%
80 Azul
47%
127 Ra
47%
229 Carcasonne
43%
97 7 Wonders
40%
3 Ark Nova
40%
6 Dune: Imperium
40%
38 Everdell
40%
52 Pandemic Legacy: Season 0
40%
2 Pandemic Legacy : Season 1
40%
61 Pandemic Legacy: Season 1
40%
30 Root
40%
5 Twilight Imperium: Fourth Edition
40%
126 Twilight Imperium: Third Edition
40%
55 Agricola
37%
79 Agricola (Revised Edition)
37%
134 Dominion
37%
188 Dominion (Second Edition)
37%
48 Puerto Rico
37%
19 7 Wonders Duel
33%
1 Brass : Birmingham
33%
26 Frosthaven
33%
29 Lost Ruins of Arnak
33%
15 The Castles of Burgundy
33%
83 Clank!: A Deck-Building Adventure
30%
40 Heat: Pedal to the Metal
30%
17 Scythe
30%
10 Spirit Island
30%
231 Splendor
30%
179 Wyrmspan
30%
162 Arcs
27%
49 Cascadia
27%
194 Jaipur
27%
108 Architects of the West Kingdom
23%
440 Arkham Horror
23%
330 Arkham Horror (Third Edition)
23%
20 Brass: Lancashire
23%
251 Calico
23%
150 Codenames
23%
261 Forest Shuffle
23%
70 Le Havre
23%
454 London (Second Edition)
23%
168 Magic: The Gathering
23%
34 Orléans
23%
128 Patchwork
23%
66 Power Grid
23%
339 Power Grid Deluxe: Europe/North America
23%
115 Raiders of the North Sea
23%
210 Sagrada
23%
157 The Isle of Cats
23%
68 The Quacks of Quedlinburg
23%
378 Above and Below
20%
54 Blood Rage
20%
25 Concordia
20%
16 Great Western Trail
20%
27 Great Western Trail: Second Edition
20%
183 Istanbul
20%
300 Kingdomino
20%
88 Lords of Waterdeep
20%
333 Lost Cities
20%
405 Mysterium
20%
301 Oath
20%
63 Obsession
20%
81 Race for the Galaxy
20%
153 Roll for the Galaxy
20%
373 Small World
20%
31 Terra Mystica
20%
110 The White Castle
20%
169 Ticket to Ride: Europe
20%
65 Tzolk'in: The Mayan Calendar
20%
291 Viticulture
20%
24 A Feast for Odin
17%
75 Age of Innovation
17%
382 Arboretum
17%
50 Caverna: The Cave Farmers
17%
23 Clank! Legacy: Acquisitions Incorporated
17%
208 Cosmic Encounter
17%
46 Crokinole
17%
101 Darwin's Journey
17%
393 Dixit
17%
11 Gloomhaven: Jaws of the Lion
17%
441 King of Tokyo
17%
60 Lisboa
17%
154 PARKS
17%
43 Pax Pamir: Second Edition
17%
155 Rajas of the Ganges
17%
95 Robinson Crusoe: Adventures on the Cursed Island
17%
57 Sleeping Gods
17%
163 Star Realms
17%
99 The Search for Planet X
17%
365 Tiny Epic Galaxies
17%
198 War of the Ring
17%
8 War of the Ring: Second Edition
17%
412 Abyss
13%
86 Aeon's End
13%
166 Alchemists
13%
422 Altiplano
13%
36 Barrage
13%
135 Blood on the Clocktower
13%
360 Bruges
13%
468 Civilization
13%
144 Clank! In! Space!: A Deck-Building Adventure
13%
69 Clans of Caledonia
13%
103 Decrypto
13%
116 Dominion: Intrigue
13%
122 Eldritch Horror
13%
82 Five Tribes: The Djinns of Naqala
13%
12 Gaia Project
13%
64 Grand Austria Hotel
13%
142 Harmonies
13%
324 Imperial
13%
380 Innovation
13%
152 Just One
13%
45 Kanban EV
13%
173 Kemet
13%
438 Marrakesh
13%
123 Mombasa
13%
247 Near and Far
13%
22 Nemesis
13%
425 Newton
13%
53 On Mars
13%
72 Paladins of the West Kingdom
13%
222 Paleo
13%
253 Secret Hitler
13%
214 Space Base
13%
112 Splendor Duel
13%
9 Star Wars: Rebellion
13%
174 Stone Age
13%
403 Takenoko
13%
121 The Quest for El Dorado
13%
407 The Resistance
13%
14 Through the Ages: A New Story of Civilization
13%
92 Through the Ages: A Story of Civilization
13%
13 Twilight Struggle
13%
181 Viscounts of the West Kingdom
13%
195 Welcome To...
13%
148 Yokohama
13%
51 Anachrony
10%
337 Apiary
10%
386 Bärenpark
10%
298 Bora Bora
10%
263 Camel Up (Second Edition)
10%
211 Castles of Mad King Ludwig
10%
117 Caylus
10%
87 Clank! Catacombs
10%
252 Cyclades
10%
254 Dinosaur Island
10%
443 Downforce
10%
21 Dune: Imperium - Uprising
10%
197 Earth
10%
84 Eclipse: New Dawn for the Galaxy
10%
447 Endeavor
10%
371 Exit: The Game - The Abandoned Cabin
10%
85 Fields of Arle
10%
377 Flamecraft
10%
270 Flamme Rouge
10%
42 Food Chain Magnate
10%
287 Galaxy Trucker
10%
406 Ghost Stories
10%
394 Gizmos
10%
348 Imperial Settlers
10%
104 Inis
10%
273 Isle of Skye: From Chieftain to King
10%
78 Kingdom Death: Monster
10%
119 Lorenzo il Magnifico
10%
204 Memoir '44
10%
218 Modern Art
10%
161 Res Arcana
10%
138 Rising Sun
10%
132 Russian Railroads
10%
437 Saint Petersburg
10%
279 Santorini
10%
100 SCOUT
10%
332 Sea Salt & Paper
10%
318 Seasons
10%
47 Sky Team
10%
299 Steam
10%
268 Sushi Go Party!
10%
158 Targi
10%
89 Teotihuacan: City of Gods
10%
71 The Gallerist
10%
98 The Voyages of Marco Polo
10%
355 Tikal
10%
306 Tiletum
10%
130 Trajan
10%
106 Trickerion: Legends of Illusion
10%
120 Troyes
10%
44 Underwater Cities
10%
228 Village
10%
140 Vinhos: Deluxe Edition
10%
370 Wayfarers of the South Tigris
10%
201 Welcome to the Moon
10%
495 Woodcraft
10%
74 Android: Netrunner
7%
28 Arkham Horror : The Card Game
7%
240 Arkham Horror: The Card Game (Revised Edition)
7%
458 Boonlake
7%
459 Bruxelles 1893
7%
356 Bunny Kingdom
7%
226 Captain Sonar
7%
415 Carpe Diem
7%
159 Cartographers
7%
357 Century: Spice Road
7%
151 Champions of Midgard
7%
258 Codenames: Duet
7%
464 Codenames: Pictures
7%
245 Coimbra
7%
58 Cthulhu: Death May Die
7%
230 Dead of Winter: A Crossroads Game
7%
93 Dominant Species
7%
334 Dungeon Petz
7%
118 Dwellings of Eldervale
7%
91 El Grande
7%
402 Faraway
7%
483 Fresco
7%
388 Furnace
7%
352 Glass Road
7%
212 Great Western Trail: Argentina
7%
125 Great Western Trail: New Zealand
7%
160 Hadrian's Wall
7%
274 Hallertau
7%
309 Hive
7%
147 Iberia
7%
477 Imperium: Legends
7%
257 John Company: Second Edition
7%
113 Keyflower
7%
491 Kingsburg
7%
62 Mansions of Madness: Second Edition
7%
67 Maracaibo
7%
209 Meadow
7%
76 Mechs vs. Minions
7%
269 MicroMacro: Crime City
7%
383 Neuroshima Hex! 3.0
7%
192 Nucleum
7%
329 Onitama
7%
221 Ora et Labora
7%
399 Pax Renaissance: 2nd Edition
7%
172 Praga Caput Regni
7%
375 Raiders of Scythia
7%
94 Revive
7%
409 San Juan
7%
420 Schotten Totten
7%
478 Sherlock Holmes Consulting Detective: Jack the Ripper & West End Adventures
7%
177 Sherlock Holmes Consulting Detective: The Thames Murders & Other Cases
7%
451 Skull
7%
316 Skull King
7%
149 Slay the Spire: The Board Game
7%
311 So Clover!
7%
73 Star Wars: Imperial Assault
7%
105 Tainted Grail: The Fall of Avalon
7%
284 Tapestry
7%
129 The 7th Continent
7%
37 The Crew: Mission Deep Sea
7%
77 The Crew: The Quest for Planet Nine
7%
124 The Lord of the Rings: Journeys in Middle-Earth
7%
202 This War of Mine: The Board Game
7%
114 Tigris & Euphrates
7%
453 Tiny Towns
7%
33 Too Many Bones
7%
171 Too Many Bones: Undertow
7%
131 Voidfall
7%
184 War Chest
7%
165 Watergate
7%
474 Wavelength
7%
102 Wingspan Asia
7%
193 Xia: Legend of a Drift System
7%
419 51st State: Master Set
3%
347 Acquire
3%
236 Aeon's End: Legacy
3%
220 A Game of Thrones: The Board Game (Second Edition)
3%
133 Age of Steam
3%
414 Air, Land & Sea
3%
450 Akropolis
3%
233 Ankh: Gods of Egypt
3%
384 Antiquity
3%
434 At the Gates of Loyang
3%
90 Beyond the Sun
3%
472 Biblios
3%
296 Bitoku
3%
199 Chaos in the Old World
3%
369 Chinatown
3%
293 Chronicles of Crime
3%
485 Clash of Cultures
3%
96 Concordia Venus
3%
312 Cryptid
3%
455 Cubitos
3%
205 Descent: Journeys in the Dark (Second Edition)
3%
289 Detective: A Modern Crime Board Game
3%
446 Dice Forge
3%
444 Die Macher
3%
401 Dorfromantik: The Board Game
3%
200 Dune (2019)
3%
392 Dungeon Lords
3%
18 Eclipse: Second Dawn for the Galaxy
3%
259 Fantasy Realms
3%
111 Final Girl
3%
487 Flash Point: Fire Rescue
3%
146 Forbidden Stars
3%
404 Ginkgopolis
3%
436 Gùgōng
3%
139 Hansa Teutonica
3%
56 Hegemony: Lead Your Class to Victory
3%
280 Hero Realms
3%
442 Honey Buzz
3%
456 IKI
3%
479 Imperial Struggle
3%
336 Imperium: Classics
3%
325 Indonesia
3%
449 In the Year of the Dragon
3%
176 ISS Vanguard
3%
167 It's a Wonderful World
3%
255 KLASK
3%
256 La Granja
3%
260 Legendary: A Marvel Deck Building Game
3%
390 Letters from Whitechapel
3%
41 Marvel Champions: The Card Game
3%
304 Marvel United
3%
246 Nations
3%
136 Nemesis: Lockdown
3%
488 Nippon
3%
428 Notre Dame
3%
367 Nusfjord
3%
59 Oathsworn: Into the Deepwood
3%
470 Pan Am
3%
242 Paths of Glory
3%
196 Planet Unknown
3%
282 Pulsar 2849
3%
308 Rococo
3%
272 Roll Player
3%
368 Runewars
3%
275 Samurai
3%
207 Sekigahara: The Unification of Japan
3%
389 Sid Meier's Civilization: The Board Game
3%
429 Smartphone Inc.
3%
340 Space Alert
3%
203 Star Wars: Outer Rim
3%
227 Suburbia
3%
328 Telestrations
3%
180 Terraforming Mars: Ares Expedition
3%
190 That's Pretty Clever!
3%
346 The King Is Dead: Second Edition
3%
345 The King's Dilemma
3%
206 The Red Cathedral
3%
216 The Resistance: Avalon
3%
353 The Witcher: Old World
3%
234 Tichu
3%
307 T.I.M.E Stories
3%
430 Twice as Clever!
3%
164 Tyrants of the Underdark
3%
170 Undaunted: Normandy
3%
277 Vindication
3%
145 Wonderland's War
3%
285 1830: Railways & Robber Barons
0%
292 1960: The Making of the President
0%
224 7 Wonders (Second Edition)
0%
500 Advanced Squad Leader
0%
317 Aeon's End: The New Age
0%
141 Aeon's End: War Eternal
0%
341 Age of Empires III: The Age of Discovery
0%
411 Agricola: All Creatures Big and Small
0%
366 Alien Frontiers
0%
288 Anno 1800: The Board Game
0%
320 Arcadia Quest
0%
362 Awkward Guests: The Walton Case
0%
460 Azul: Stained Glass of Sintra
0%
217 Azul: Summer Pavilion
0%
303 Battle Line
0%
397 BattleLore: Second Edition
0%
107 Battlestar Galactica: The Board Game
0%
439 Blitzkrieg!: World War Two in 20 Minutes
0%
417 Blood Bowl: Team Manager - The Card Game
0%
381 Bonfire
0%
374 Burgle Bros.
0%
109 Carnegie
0%
445 Cartographers Heroes
0%
343 Cat in the Box: Deluxe Edition
0%
262 Century: Golem Edition
0%
235 Clash of Cultures: Monumental Edition
0%
497 Claustrophobia
0%
342 Cloudspire
0%
249 Combat Commander: Europe
0%
225 Commands & Colors: Ancients
0%
490 Commands & Colors: Napoleonics
0%
314 Cthulhu Wars
0%
379 Dead of Winter: The Long Night
0%
416 Dead Reckoning
0%
266 Deception: Murder in Hong Kong
0%
457 Descent: Legends of the Dark
0%
364 Destinies
0%
313 Dice Throne: Season Two - Battle Chest
0%
326 Distilled
0%
319 Dixit: Odyssey
0%
494 Dune (1979)
0%
178 Endeavor: Age of Sail
0%
290 Endless Winter: Paleoamericans
0%
315 Ethnos
0%
461 Evolution: Climate
0%
431 Expeditions
0%
426 Fall of Rome
0%
471 Firefly: The Game
0%
310 Forgotten Waters
0%
338 For Sale
0%
331 Foundations of Rome
0%
421 Frostpunk: The Board Game
0%
354 Fury of Dracula (Third/Fourth Edition)
0%
185 Glen More II: Chronicles
0%
276 Glory to Rome
0%
283 Goa: A New Expedition
0%
264 Hanamikoji
0%
418 Hannibal: Rome vs. Carthage
0%
398 Harry Potter: Hogwarts Battle
0%
363 Heaven & Ale
0%
469 Here I Stand
0%
213 Horrified
0%
361 Imperial 2030
0%
278 Kanban: Driver's Edition
0%
465 Keep the Heroes Out!
0%
302 Kemet: Blood and Sand
0%
463 King of Tokyo: Dark Edition
0%
182 Legendary Encounters: An Alien Deck Building Game
0%
294 Lewis & Clark: The Expedition
0%
321 Long Shot: The Dice Game
0%
499 Lord of the Rings: The Confrontation
0%
408 Lords of Hellas
0%
351 Love Letter (2012)
0%
335 Love Letter (2019)
0%
489 Macao
0%
35 Mage Knight Board Game
0%
433 Mage Wars Arena
0%
496 Mandala
0%
187 Marco Polo II: In the Service of the Khan
0%
410 Maria
0%
400 Marvel United: X-Men
0%
376 Merchants & Marauders
0%
493 Mice and Mystics
0%
482 Millenium Blades
0%
396 Mindbug: First Contact
0%
295 Mind MGMT: The Psychic Espionage "Game."
0%
385 Mission: Red Planet (Second/Third Edition)
0%
297 Monikers
0%
250 My City
0%
467 Mythic Battles: Pantheon
0%
327 Navegador
0%
349 Nemo's War (Second Edition)
0%
237 Nidavellir
0%
498 PitchCar
0%
372 Project L
0%
191 Radlands
0%
215 Railways of the World
0%
473 Ready Set Bet
0%
238 Return to Dark Tower
0%
462 San Juan (Second Edition)
0%
476 Santa Maria
0%
286 Shogun
0%
387 Sidereal Confluence
0%
480 Space Hulk (Third Edition)
0%
466 Spartacus: A Game of Blood and Treachery
0%
484 Sprawlopolis
0%
239 Star Realms: Colony Wars
0%
305 Star Realms: Frontiers
0%
413 Star Wars: Armada
0%
232 Star Wars: The Deckbuilding Game
0%
186 Star Wars: X-Wing Miniatures Game
0%
486 Stockpile
0%
358 Summoner Wars: Master Set
0%
359 Summoner Wars (Second Edition)
0%
350 Survive: Escape from Atlantis!
0%
475 Sword & Sorcery
0%
391 Tekhenu: Obelisk of the Sun
0%
435 The Godfather: Corleone's Empire
0%
481 The Great Wall
0%
344 The Great Zimbabwe
0%
424 The Guild of Merchants Explorers
0%
143 The Lord of the Rings: Duel for Middle-earth
0%
175 The Lord of the Rings: The Card Game
0%
432 The Lord of the Rings: The Card Game - Revised Core Set
0%
323 The Manhattan Project: Energy Empire
0%
427 The Pillars of the Earth
0%
271 The Princes of Florence
0%
241 The Taverns of Tiefenthal
0%
395 Thunder Road: Vendetta
0%
492 Thunderstone Quest
0%
137 Ticket to Ride Legacy: Legend of the West
0%
452 Ticket to Ride: Märklin
0%
219 Ticket to Ride: Nordic Countries
0%
322 Turing Machine
0%
243 Under Falling Skies
0%
265 Unmatched: Battle of Legends, Volume One
0%
189 Unmatched: Cobble & Fog
0%
423 Unmatched: Robin Hood vs. Bigfoot
0%
39 Viticulture Essential Edition
0%
281 Western Legends
0%
244 YINSH
0%
267 Zombicide: Black Plague
0%
No matching quizzes found
Score Distribution
Percent of People with Each Score
Percentile by Number Answered
Your Score History
You have not taken this quiz